| 000 | 00781nam a2200205 i 4500 | ||
|---|---|---|---|
| 001 | 113244 | ||
| 003 | ES-MaACL | ||
| 005 | 20230906185818.0 | ||
| 007 | t| | ||
| 008 | 061121s1962 mx r ||||1| spa d | ||
| 100 | 1 |
_aMyrdal, Gunnar. _984763 |
|
| 245 | 1 | 0 |
_aSolidaridad o desintegración _b: tendencias actuales de las relaciones económicas internacionales en el mundo no soviético / _cGunnar Myrdal ; traducción de Salvador Echavarría y Enrique González Pedrero. |
| 250 | _a[2ª ed.]. | ||
| 260 |
_aMéxico [etc.] : _bFondo de Cultura Económica, _c1962. |
||
| 300 |
_a454 p. ; _c21 cm. |
||
| 650 | 0 | 4 |
_aEconomía internacional. _912028 |
| 700 | 1 |
_aEchavarría, Salvador. _946511 |
|
| 700 | 1 |
_aGonzález Pedrero, Enrique. _958866 |
|
| 852 |
_aES-MaACL _jE-8350 _bR.92822 |
||
| 999 |
_c113244 _d113244 |
||